000 01183cam a22002054a 4500
005 20250605164327.0
008 250528s ||||||||||||||||||||||||d
035 _a23096
020 _a471558915
040 _aGR-AtMCL
_bgre
_dGR-AtMCL
_eAACR2
245 1 _aFailure of Materials in Mechanical Design
250 _a2nd
260 _bJohn Wiley & Sons,
_c1993
300 _a656
520 _aThe Role of Failure Prevention Analysis in Mechanical Design, Modes of Mechanical Failure, Strength and Deformation of Engineering Metals, State of Stress, Relationships Between Stress and Strain, Combined Stress Theories of Failure and Their Use in Design, High Cycle Fatigue, Concepts of Cumulative Damage and Life and Prediction and Fracture Control, Use of Statistics in Fatigue Analysis, Fatigue Testing Procedures and Statistical Interpretations of Data, Low Cycle Fatigue, Stress Concentration, Creep and Stress Rupture and Fatigue, Fretting and Fretting Fatigue and Fretting Wear, Shock and Impact, Bucking and Instability, Wear and Corrosion and Other Important Failure Modes, Index.
700 1 _aCollins Jack A
_98650
942 _cBK
999 _c8126
_d8126